Fundació Palau : catàleg general catàleg general
ISBN:
84-7794-926-3
Publicado:
Caldes d'Estrac :
Fundació Palau : Ajuntament de Caldes d'Estrac ; [Barcelona] : Diputació de Barcelona, cop. 2003
Descripción Física:
191 p. : il. principalment col. ; 26 x 23 cm
MARC
| LEADER | 00000nam a2200000Ia 4500 | ||
|---|---|---|---|
| 001 | 16608 | ||
| 008 | 160829s9999 xx 000 0 cat d | ||
| 020 | |a 84-7794-926-3 | ||
| 080 | |a B-2-65 | ||
| 110 | 2 | |a Fundació Palau (Caldes d'Estrac, Catalunya) |9 53857 | |
| 245 | |a Fundació Palau : |b catàleg general | ||
| 260 | |a Caldes d'Estrac : |b Fundació Palau : |b Ajuntament de Caldes d'Estrac ; [Barcelona] : |b Diputació de Barcelona, cop. 2003 | ||
| 300 | |a 191 p. : |b il. principalment col. ; |c 26 x 23 cm | ||
| 590 | |a Text en català, castellà i anglès | ||
| 610 | 2 | 0 | |a Fundació Palau (Caldes d'Estrac, Catalunya) |9 53857 |
| 650 | |a Fundació Palau |x Col·leccions d'art I |9 24561 | ||
| 650 | |a Pintura moderna |x Col·leccions privades |9 24562 | ||
| 710 | 1 | |a Caldes d'Estrac (Catalunya). |b Ajuntament |9 53948 | |
| 710 | 1 | |a Barcelona (Catalunya : Província). |b Diputació |9 52408 | |
| 901 | |a Arxiu | ||
| 942 | |n 1 | ||
| 952 | |0 0 |1 0 |4 0 |6 B265 |7 1 |9 43209 |a Arxiu |b Arxiu |d 2016-12-01 |l 0 |o B-2-65 |p 16608 |r 2016-12-01 00:00:00 |w 2016-12-01 |y ARXIU | ||
| 999 | |c 45753 |d 45753 | ||